Statistics for Husbands of Elizabeth Taylor

Click here to take the quiz!

General Stats

  • This quiz has been taken 24 times
  • The average score is 4 of 7

Answer Stats

HintAnswer% Correct
1964-1974Richard Burton
95%
1959-1964Eddie Fisher
73%
1957-1958Mike Todd
55%
1950-1951Conrad Hilton Jr.
50%
1976-1982John Warner
50%
1991-1996Larry Fortensky
27%
1952-1957Michael Wilding
23%

Score Distribution

Percentile by Number Answered

Percent of People with Each Score

Your Score History

You have not taken this quiz